South Eastern Kenya University

Library Online Public Access Catalogue


Biochemistry / (Record no. 1951)

MARC details
000 -LEADER
fixed length control field 00715cam a22002417a 4500
003 - CONTROL NUMBER IDENTIFIER
control field OSt
005 - DATE AND TIME OF LATEST TRANSACTION
control field 20150211092315.0
008 - FIXED-LENGTH DATA ELEMENTS--GENERAL INFORMATION
fixed length control field 150211b xxu||||| |||| 00| 0 eng d
020 ## - INTERNATIONAL STANDARD BOOK NUMBER
International Standard Book Number 0534405215 (student edition)
020 ## - INTERNATIONAL STANDARD BOOK NUMBER
International Standard Book Number 053439499X (hbk.)
020 ## - INTERNATIONAL STANDARD BOOK NUMBER
International Standard Book Number 0534405231 (instructor's edition)
040 ## - CATALOGING SOURCE
Original cataloging agency SEKU
050 00 - LIBRARY OF CONGRESS CALL NUMBER
Classification number QD 415
Item number .C36 2006
100 1# - MAIN ENTRY--PERSONAL NAME
Personal name Campbell, Mary K.
245 10 - TITLE STATEMENT
Title Biochemistry
Statement of responsibility, etc. Mary K. Campbell, Shawn O. Farrell.
250 ## - EDITION STATEMENT
Edition statement 5th ed.
260 ## - PUBLICATION, DISTRIBUTION, ETC. (IMPRINT)
Place of publication, distribution, etc. Pacific Grove, Calif. :
Name of publisher, distributor, etc. Brooks/Cole,
Date of publication, distribution, etc. 2006.
300 ## - PHYSICAL DESCRIPTION
Extent 811 p. :
500 ## - GENERAL NOTE
General note Previous ed.: Pacific Grove, Calif.; London: Brooks/Cole, 2006.
650 ## - SUBJECT ADDED ENTRY--TOPICAL TERM
Topical term or geographic name as entry element Biochemistry.
700 1# - ADDED ENTRY--PERSONAL NAME
Personal name Farrell, Shawn O.
942 ## - ADDED ENTRY ELEMENTS (KOHA)
Koha item type General circulation
Source of classification or shelving scheme Library of Congress Classification
Holdings
Withdrawn status Lost status Source of classification or shelving scheme Damaged status Not for loan Home library Current library Date acquired Cost, normal purchase price Total Checkouts Full call number Barcode Date last seen Date last checked out Cost, replacement price Price effective from Koha item type Public note Shelving location Total Renewals
    Library of Congress Classification     Main Campus Library Main Campus Library 26/08/2014 5500.00 4 QD415 .C36 2006 2019/021954 13/11/2017 03/11/2017 6000.00 26/08/2014 General circulation jm    
    Library of Congress Classification     Main Campus Library Main Campus Library 26/08/2014 5500.00 2 QD 415 .C36 2006 2019/021955 18/11/2019 04/11/2019 6000.00   General circulation   General Stacks  
    Library of Congress Classification     Main Campus Library Main Campus Library 26/08/2014 5500.00 4 QD415 .C36 2006 2024/026560 17/11/2017 19/10/2017 6000.00 26/08/2014 General circulation jm   1
Kitui, Kenya.
+254736116989
library@seku.ac.ke